000 00914nam a2200217 i 4500
001 67465
003 ES-MaACL
005 20230906170057.0
007 t|
008 040528s1998 sp ||||1| spa d
020 _a84-89115-09-5
080 _a616.8-085.03(091)
245 0 0 _aHistoria de la neuropsicofarmacología
_b: una nueva aportación a la terapéutica farmacológica de los trastornos del Sistema Nervioso Central /
_cFrancisco López Muñoz, Cecilio Alamo González (editores) ; Luis Fernando Alguacil Merino ... [et al.] , editores asociados.
260 _aAlcalá de Henares :
_bUniversidad :
_bEurobook,
_c[1998]
300 _a544 p. :
_bil. ;
_c25 cm.
650 1 4 _aNeurofarmacología-
_xHistoria.
_915527
700 1 _aLópez Muñoz, Francisco.
_973814
700 1 _aAlamo González, Cecilio.
_919115
700 1 _aAlguacil Merino, Luis Fernando.
_919905
852 _aES-MaACL
_jL-27686
_bR.133458
999 _c67465
_d67465